Discours sur la fonction internationale de la langue francaise

में बचाया:
ग्रंथसूची विवरण
मुख्य लेखक: Robert Fenaux
स्वरूप: पुस्तक
भाषा:Undetermined
प्रकाशित: Belgique 1968
विषय:
टैग : टैग जोड़ें
कोई टैग नहीं, इस रिकॉर्ड को टैग करने वाले पहले व्यक्ति बनें!
Thư viện lưu trữ: Trung tâm Học liệu Trường Đại học Cần Thơ
LEADER 00469nam a2200169Ia 4500
001 CTU_932
008 210402s9999 xx 000 0 und d
082 |a 445 
082 |b D611 
100 |a Robert Fenaux 
245 0 |a Discours sur la fonction internationale de la langue francaise 
245 0 |c Robert Fenaux 
260 |a Belgique 
260 |c 1968 
650 |a french language 
904 |i Minh, 960808 
980 |a Trung tâm Học liệu Trường Đại học Cần Thơ